000 00506nam a2200181Ia 4500
005 20250326141812.0
008 250326s9999 xx 000 0 und d
037 _aTextbook
040 _aFMSL
_beng
_cFMSL
041 _aeng
_2eng
084 _aX:8F.1 M4
_qFMSL
100 _aChoi Fds
_9744411
245 0 _aInternational accounting
_cChoi Fds; Mueller G G
260 _aNew Delhi
_bNew Delhi, Prentice-Hall
_c1984
300 _a541p
942 _cTB
_hX:8F.1 M4
999 _c1292039
_d1292039